00374nam a2200145Ia 4500003000400000005001700004008004100021040001800062041000800080100004100088110001800129245003300147260002000180710002800200OSt20260311102420.0211028s2013 xx 000 0 und d cAIMIT LIBRARY aeng aSrinath, K; Prabhu, Aravind.g101743 aNausheeda B S aE-governance in panchayats / aBangalorec2013 aAccolade Tech Solutions